Recuerdos de la Alcarria : (Record no. 159003)

MARC details
000 -LEADER
campo de control de longitud fija 01022nam a2200241 i 4500
001 - NÚMERO DE CONTROL
campo de control 159003
003 - IDENTIFICADOR DE NÚMERO DE CONTROL
campo de control ES-MaACL
005 - FECHA Y HORA DE LA ÚLTIMA TRANSACCIÓN
campo de control 20251218183216.0
008 - DATOS DE LONGITUD FIJA--INFORMACIÓN GENERAL
campo de control de longitud fija 960401s1897 sp |||| | spa d
100 1# - ENTRADA PRINCIPAL--NOMBRE DE PERSONA
Nombre de persona Martinez Palacio, Santiago.
9 (RLIN) 152862
245 10 - MENCIÓN DEL TÍTULO
Título Recuerdos de la Alcarria :
Resto del título el Castillo de Anguix /
Mención de responsabilidad, etc. por Santiago Martínez Palacio ; fotograbados de Laporta y de Prieto ; fotografías de Borke y del autor.
260 ## - PUBLICACIÓN, DISTRIBUCIÓN, ETC.
Lugar de publicación, distribución, etc. Madrid :
Nombre del editor, distribuidor, etc. [s.n.],
Fecha de publicación, distribución, etc. 1897 (
Fabricante Imp. de Gabriel Pedraza)
300 ## - DESCRIPCIÓN FÍSICA
Extensión 346 p. :
Otras características físicas il., fotos ;
Dimensiones 19 cm.
530 ## - NOTA DISPONIBLE DE FORMULARIO FÍSICO ADICIONAL
Nota de formato físico adicional disponible Disponible en formato digital.
610 24 - PUNTO DE ACCESO ADICIONAL DE MATERIA--NOMBRE DE ENTIDAD CORPORATIVA
Nombre de entidad corporativa o nombre de jurisdicción como elemento de entrada Castillo de Anguix (Sayatón)
9 (RLIN) 172696
651 #4 - PUNTO DE ACCESO ADICIONAL DE MATERIA--NOMBRE GEOGRÁFICO
Nombre geográfico Sayatón-
Subdivisión general Edificios, estructuras, etc.
9 (RLIN) 172697
700 1# - ENTRADA AGREGADA--NOMBRE PERSONAL
Nombre de persona Laporta, Francisco,
Fechas asociadas al nombre 1850-1914
9 (RLIN) 152865
700 1# - ENTRADA AGREGADA--NOMBRE PERSONAL
Nombre de persona Prieto Losada, Francisco,
Fechas asociadas al nombre ca. 1853-
9 (RLIN) 172698
710 2# - ENTRADA AGREGADA--NOMBRE DE ENTIDAD CORPORATIVA
Nombre de entidad corporativa o nombre de jurisdicción como elemento de entrada Borke y Ferriz.
9 (RLIN) 172699
852 ## - LOCALIZACIÓN
Ubicación ES-MaACL
Número de control de estantería G-275
856 ## - LOCALIZACIÓN Y ACCESO ELECTRÓNICOS
Identificador Uniforme de Recursos <a href="http://bdh-rd.bne.es/viewer.vm?id=0000038087&page=1 ">http://bdh-rd.bne.es/viewer.vm?id=0000038087&page=1 </a>
Nota pública Biblioteca Digital Hispánica
Holdings
Estatus retirado Estado de pérdida Estado de daño No para préstamo Colección Biblioteca de origen Biblioteca actual Ubicación en estantería Fecha de adquisición Fuente de adquisición Total de préstamos Signatura topográfica completa Código de barras Visto por última vez Precio de reemplazo Tipo de ítem Koha
        Colección digital Biblioteca del Ateneo de Madrid Biblioteca del Ateneo de Madrid Depósito 2 17/01/2008     G-275 1166444 23/02/2023 23/02/2023 Libro impreso antiguo